[Event "Medellin Sub zt 2.3.2"]
[Site "Medellin"]
[Date "2025.04.16"]
[Round "5"]
[White "Cabrales Almanza, Josue Ricardo"]
[Black "Lara Santos, Angel Sebastian"]
[Result "1/2-1/2"]
[WhiteElo "1836"]
[BlackElo "2019"]
[PlyCount "126"]
[EventDate "2025.04.14"]
[EventType "swiss"]
[EventRounds "9"]
[EventCountry "COL"]
[SourceTitle "CB18_2025"]
[SourceDate "2025.04.30"]
[SourceVersion "1"]
[SourceVersionDate "2025.04.30"]
[SourceQuality "1"]

1. e4 c5 2. Nf3 d6 3. d4 cxd4 4. Qxd4 Nc6 5. Bb5 e5 6. Qd3 h6 7. c4 Nf6 8. Nc3 Be7 9. Be3 0-0 10. 0-0-0 Qc7 11. Kb1 a6 12. Ba4 b5 13. cxb5 Nb4 14. b6 Qb7 15. Qc4 d5 16. exd5 Bf5+ 17. Ka1 Rac8 18. Qe2 Nbxd5 19. Nxd5 Nxd5 20. Bb3 Nxe3 21. Qxe3 e4 22. Bd5 Qb8 23. Nd4 Bc5 24. Qb3 Bxd4 25. Rxd4 Qe5 26. Rdd1 Be6 27. Rhe1 Bxd5 28. Rxd5 Qf4 29. Qe3 Qxe3 30. fxe3 Rc6 31. Rd4 f5 32. Rb4 Rb8 33. b3 Rbxb6 34. Rxb6 Rxb6 35. Rd1 Rb5 36. Kb2 Kf7 37. Rd7+ Kf6 38. Rd6+ Kg5 39. a4 Re5 40. Kc3 f4 41. Kd4 Re7 42. Rc6 f3 43. gxf3 exf3 44. Rc2 Kg4 45. b4 Rd7+ 46. Ke4 Rd1 47. Rf2 Rb1 48. h3+ Kxh3 49. Rxf3+ Kg2 50. Rf7 Rxb4+ 51. Kd5 g5 52. e4 Rxa4 53. e5 Ra1 54. Rh7 g4 55. Rxh6 g3 56. e6 Rd1+ 57. Kc6 Re1 58. Kd6 Kf3 59. Rf6+ Kg4 60. Rg6+ Kf3 61. Rf6+ Kg4 62. Rg6+ Kf5 63. Rxg3 Rxe6+ 1/2-1/2

[Event "Medellin Sub zt 2.3.2"]
[Site "Medellin"]
[Date "2025.04.16"]
[Round "4"]
[White "Lara Santos, Angel Sebastian"]
[Black "Marin Flores, Alferath Jose"]
[Result "1/2-1/2"]
[WhiteElo "2019"]
[BlackElo "1911"]
[PlyCount "101"]
[EventDate "2025.04.14"]
[EventType "swiss"]
[EventRounds "9"]
[EventCountry "COL"]
[SourceTitle "CB18_2025"]
[SourceDate "2025.04.30"]
[SourceVersion "1"]
[SourceVersionDate "2025.04.30"]
[SourceQuality "1"]

1. e4 c5 2. Nf3 d6 3. Bb5+ Bd7 4. Bxd7+ Qxd7 5. c4 e5 6. Nc3 Be7 7. d3 Nc6 8. 0-0 Bd8 9. Ne1 Nge7 10. f4 exf4 11. Bxf4 0-0 12. g4 Ng6 13. Ng2 Bf6 14. h3 Bd4+ 15. Kh2 Nxf4 16. Nxf4 Be5 17. Kg2 Ne7 18. Qd2 Ng6 19. Ncd5 Nxf4+ 20. Nxf4 b5 21. Rae1 a5 22. Nd5 Rfb8 23. Nc3 bxc4 24. dxc4 Rb4 25. Rb1 Rab8 26. b3 Bxc3 27. Qxc3 a4 28. Rfd1 Qe6 29. Qd3 axb3 30. Rxb3 h5 31. gxh5 Qe5 32. Qd5 Rxb3 33. Qxe5 dxe5 34. axb3 Rxb3 35. Rd5 f6 36. Rxc5 Re3 37. Rc6 Rxe4 38. h6 Kh7 39. hxg7 Kxg7 40. Rc8 f5 41. c5 Re2+ 42. Kf3 Rh2 43. Kg3 Rc2 44. c6 Rc3+ 45. Kg2 e4 46. c7 f4 47. Re8 Rc2+ 48. Kf1 Rxc7 49. Rxe4 Rf7 50. Kf2 Kg6 51. Kf3 1/2-1/2